Financial Planning Demystified: A self-Teaching Guide (Record no. 4773)

MARC details
005 - DATE AND TIME OF LATEST TRANSACTION
control field 20250624083552.0
020 ## - INTERNATIONAL STANDARD BOOK NUMBER
International Standard Book Number 978-0-07-147671-3
082 ## - DEWEY DECIMAL CLASSIFICATION NUMBER
Classification number 657 LIM
100 ## - MAIN ENTRY--PERSONAL NAME
Author name LIM, J. P
245 ## - TITLE STATEMENT
Title Financial Planning Demystified: A self-Teaching Guide
260 ## - PUBLICATION, DISTRIBUTION, ETC.
Place of publication, distribution, etc. New York
Name of publisher, distributor, etc. McGraw-Hill Irwin
Date of publication, distribution, etc. 2007.
300 ## - PHYSICAL DESCRIPTION
Extent xi,304p.: ill.; figures
Other physical details Index
Dimensions 23cm
942 ## - ADDED ENTRY ELEMENTS (KOHA)
Source of classification or shelving scheme Dewey Decimal Classification
Koha item type Books
Holdings
Date last seen Total checkouts Full call number Barcode Cost, replacement price Price effective from Koha item type Lost status Source of classification or shelving scheme Damaged status Not for loan Withdrawn status Home library Current library Shelving location Date acquired Source of acquisition Cost, normal purchase price
06/24/2025   657 LIM MZA0001911 44700.00 06/24/2025 Books   Dewey Decimal Classification       CBE Mwanza CBE Mwanza General Collection 07/11/2007 Library Budget 14900.00
06/24/2025   657 LIM MZA0001912 44700.00 06/24/2025 Books   Dewey Decimal Classification       CBE Mwanza CBE Mwanza General Collection 07/11/2007 Library Budget 14900.00